000 00543nam a22002057a 4500
003 PILC
005 20160120144634.0
008 121114t xxu||||| |||| 00| 0 eng d
020 _a0006929559
050 _aPZ 7
_b.M643 1988
082 _aFIC
_bM59s 1988
100 _aMiles, Keith
_920727
245 _aSin bin 2 :
_bmelanie
_cKeith Miles
260 _aLondon :
_bCollins Publishing Group,
_c1988.
300 _a126 p. :
_c17 cm
650 _aFiction.
_9746
650 _aChildren's stories.
_93210
942 _2lcc
_cBK
999 _c11612
_d11612